| 000 | 02171nam a2200589 i 4500 | ||
|---|---|---|---|
| 001 | 37704 | ||
| 003 | KOSZ 005 | ||
| 005 | 20201207121825.0 | ||
| 008 | 201207s1997 pl a f 000 0 pol | ||
| 015 | _aUWD 1998/2262 | ||
| 020 | _a8386537728 | ||
| 035 | _a991003464699705066 | ||
| 035 | _a(PL-WaBN)b10930462-48omnis_nlop | ||
| 035 | _ab10930462 | ||
| 035 | _a(OCoLC)830087803 | ||
| 035 | _a(PL)b0000001093046 | ||
| 035 | _a(EXLNZ-48OMNIS_NETWORK)9910521982705606 | ||
| 040 |
_aWA N _cWA N _dKOSZ 005/RW |
||
| 046 | _k1997 | ||
| 080 | _a519.8 | ||
| 080 | _a658.1/.5 | ||
| 080 | _a(075.8) | ||
| 100 | 1 |
_aZawadzka, Ludmiła _d(1943- ) _eAutor |
|
| 245 | 1 | 0 |
_aMetody ilościowe w organizacji i zarządzaniu. _nCz. 2 / _cLudmiła Zawadzka ; [recenzent Ryszard Broszkiewicz] ; Politechnika Gdańska. |
| 250 | _aWydanie 2. | ||
| 260 |
_aGdańsk : _bWydawnictwo Politechniki Gdańskiej, _c1997. |
||
| 300 |
_a263 strony : _bilustracje, wykresy ; _c24 cm. |
||
| 336 |
_aTekst _btxt _2rdacontent |
||
| 337 |
_aBez urządzenia pośredniczącego _bn _2rdamedia |
||
| 338 |
_aWolumin _bnc _2rdacarrier |
||
| 380 | _aKsiążki | ||
| 380 | _aPublikacje dydaktyczne | ||
| 385 |
_mPoziom nauczania _aSzkoły wyższe |
||
| 388 | 1 | _a1901-2000 | |
| 388 | 1 | _a1989-2000 | |
| 504 | _aBibliografia na stronach [260]-263. | ||
| 521 | 8 | _aSkrypt dla studentów Wydziału Zarządzania i Ekonomii na studiach magisterskich, inżynierskich i podyplomowych. | |
| 650 | 7 |
_aBadania operacyjne _2DBN |
|
| 650 | 7 |
_aTeoria gier _2DBN |
|
| 650 | 7 |
_aTeoria masowej obsługi _2DBN |
|
| 650 | 7 | _aZastosowanie i wykorzystanie | |
| 650 | 7 | _aPrzemysł | |
| 650 | 7 | _aZarządzanie | |
| 655 | 7 |
_aPodręczniki akademickie _2DBN |
|
| 658 | _aZarządzanie i marketing | ||
| 700 | 1 |
_aBroszkiewicz, Ryszard _d(1934- ) _eRecenzja |
|
| 710 | 2 | _aPolitechnika Gdańska | |
| 710 | 2 |
_aWydawnictwo Politechniki Gdańskiej _4pbl |
|
| 856 |
_uhttp://koha.tu.koszalin.pl/cgi-bin/koha/opac-detail.pl?biblionumber=37704 _yKatalog online BPK |
||
| 942 |
_2UKD _cKS |
||
| 999 |
_c37704 _d37704 |
||